000 01025nam a2200313 a 4500
003 AR-BaBNM
005 20251128210728.0
008 082120s2002 ||||||||||||||000 | spa||
020 _a950-00-0342-2
040 _cAR-BaBNM
245 0 0 _aEGB 1
_bformación ética y ciudadana
250 _a1ª ed.
260 _aBuenos Aires
_bMinisterio de Educación. Programa Nacional de Innovaciones Educativas
_c2000
300 _a29 p.
_bil., tablas
490 0 _aPropuestas para el aula. Material para docentes
650 4 _aACTIVIDADES DE APRENDIZAJE
653 _aPRIMER CICLO DE LA EGB
653 _aPROYECTOS DE AULA
653 _aINNOVACIONES EDUCATIVAS
653 _aFORMACION ETICA Y CIUDADANA
700 1 _aSchujman, Gustavo
_ecoordinador
700 1 _aClérico, María Laura
700 1 _aErramouspe, Pablo
700 1 _aKlainer, Rosa
700 1 _aManfredini, Ana María
810 1 _aArgentina
_bMinisterio de Educación
_bPrograma Nacional de Innovaciones Educativas
942 _cBK
998 _cRAQUEL
999 _c16632
_d16632